00242nam a2200085Ia 4500008004100000082001800041245005600059260003000115300001100145230907s9999||||xx |||||||||||||| ||und|| a621.3815bANA 0aAnalysis and design of analog integrated circuits / aWiley,bNew Delhi :c2016 a881 p.